Prepravné služby v podmienkach medzinárodného obchodu

Na minha lista:
Detalhes bibliográficos
Autor principal: Hansenová, Heda
Autor Corporativo: Ekonomická univerzita v Bratislave. Obchodná fakulta
Formato: Livro
Idioma:eslovaco
Publicado em: Bratislava Vydavateľstvo EKONÓM 2003
Assuntos:
Tags: Adicionar Tag
Sem tags, seja o primeiro a adicionar uma tag!

MARC

LEADER 00000nam$a2200000$$$4500
001 0008570
005 20240314091320.3
020 |a 80-225-1784-4 
041 0 |a slo 
044 |a SK 
245 1 0 |a Prepravné služby v podmienkach medzinárodného obchodu  |c Heda Hansenová 
264 1 |a Bratislava  |b Vydavateľstvo EKONÓM  |c 2003 
300 |a 120 s. 
610 2 0 |a doprava nákladná 
610 2 0 |a obchod medzinárodný 
610 2 0 |a služby 
610 2 0 |a politika dopravná 
610 2 0 |a Slovensko 
610 2 0 |a Európska únia 
610 2 0 |a preprava 
610 2 0 |a služby dopravné 
610 2 0 |a doprava medzinárodná 
610 2 0 |a tvorba cien 
100 1 |a Hansenová, Heda 
710 2 |a Ekonomická univerzita v Bratislave. Obchodná fakulta